Štátna podpora záujemcov o samozamestnanie

Podrobná bibliografia
Médium: Článok
Jazyk:slovenčina
Predmet:

MARC

LEADER 00000nab a2200000 ar4500
001 vtls009277889
003 SK-MaSNL
005 20260304175712.0
008 080320c2008 xo cr|p|||||||000 b|slo
038 |a PPPK 
040 |a PPPKCL  |b slo  |c PPPK  |e AACR2 
041 0 |a slo 
044 |a xo  |c SK 
080 |a 331.56-051:331.53:336.566  |2 2001 
080 |a 331.56-051:331.53:659.2  |2 2001 
080 |a 061.66  |2 2001 
245 0 0 |a Štátna podpora záujemcov o samozamestnanie  |c [autor] (ppr) 
610 2 7 |a Regionálne poradenské a informačné centrum (Poprad, Slovensko)  |2 pppkcl  |9 54595 
610 1 7 |a Slovensko.  |b Ministerstvo hospodárstva  |2 pppkcl  |9 14439 
650 0 7 |a nezamestnaní  |2 pppkcl  |9 18893 
650 0 7 |a samozamestnávanie  |2 pppkcl  |9 1392460 
650 0 7 |a dotácie  |2 pppkcl  |9 2132 
651 7 |a Poprad (Slovensko)  |2 pppkcl  |9 20155 
773 0 |t Poprad : noviny občanov mesta  |g Roč. XIX, č. 3 (2008), s. 2 
852 |a PPPK  |b KIS3GCP 
999 |c 3014812  |d 3016742